000 00633nam a2200217Ii 4500
003 JO-AjNU
008 230606s9999||||xx |||||||||||||| ||und||
020 _a978-1-25-9252761
040 _aJO-AjNU
_beng
_erda
_cJO-AjNU
041 _aeng
050 1 4 _aHF5679.H865 2016
100 3 _aHurt, Robert L,
_eauthor
_95941
245 0 0 _aAccounting Information Systems: Basic Concepts and Current Issues
250 _a4 ed
264 3 1 _aLondon: Mcgraw-hill.2016
300 _a360p
336 _atext
_btxt
_2rdacontent
337 _aunmediated
_bn
_2rdamedia
338 _avolume
_bnc
_2rdacarrier
650 4 _aAccounting Systems
_95942
999 _aE3082
_c3079
_d3079